000
00447nam a2200181Ia 4500
008
090124s9999 xx 000 0 und d
082
_b
122001
100
_a
साठे माया
245
_a
रामोशी
250
_a
1
260
_c
1987
300
_a
207
600
_a
साठे माया
630
_a
रामोशी
700
_a
साठे माया
730
_a
रामोशी
942
_c
BOOK
999
_c
168087
_d
168087